Busiest Routes from Seoul Incheon Airport by Passenger Numbers - Statistics

General Stats
  • This quiz has been taken 485 times
  • The average score is 15 of 20
Answer Stats
Ranking Passengers Destination % Correct
5 1,679,920 Tokyo-Narita
100%
11 1,116,852 Beijing-Capital
99%
4 1,826,338 Shanghai-Pudong
98%
1 3,073,664 Hong Kong
96%
3 1,834,724 Osaka-Kansai
95%
13 1,054,387 Los Angeles
94%
2 2,091,049 Bangkok-Suvarnabhumi
92%
10 1,238,581 Singapore
92%
7 1,372,985 Taipei-Taoyuan
88%
6 1,405,743 Manila
84%
19 649,984 Kuala Lumpur
83%
17 680,468 New York -JFK
81%
18 651,301 Guangzhou
80%
20 646,652 San Francisco
77%
12 1,063,603 Hanoi
76%
15 840,760 Ho Chi Minh City
66%
9 1,317,312 Fukuoka
61%
14 893,049 Cebu
35%
8 1,357,597 Qingdao
23%
16 757,653 Guam
14%
No matching quizzes found
Score Distribution
Percent of People with Each Score
Percentile by Number Answered
Your Score History
You have not taken this quiz